| 000 | 00645nam a22001937a 4500 | ||
|---|---|---|---|
| 005 | 20100811155359.0 | ||
| 010 | _aENG-99596 | ||
| 020 |
_a9788188540839 _c400.00 |
||
| 035 | _aEN-83128 | ||
| 037 | _bDBAD/PUB | ||
| 082 | _a909 | ||
| 100 |
_aKhatri,Vikas _911274 |
||
| 245 |
_aMysterious puzzles from the past / _cby Vikas Khatri |
||
| 260 |
_aNew Delhi _bR K Publishers _c2010 |
||
| 270 |
_aL-45 Gali No 5 Shivaji Marg Kartar Nagar _bDelhi _e110053 |
||
| 300 |
_a191p _b ill _c22cm(Hb) |
||
| 942 |
_2ddc _cBN _h909 _mKHA |
||
| 999 |
_c41138 _d41138 |
||